000 00517cam a2200145 4500500
005 20260111085411.0
041 _afre
042 _adc
100 1 0 _aVallin, Pierre
_eauthor
245 0 0 _aAntoine Deléry, Joseph Folliet (1903-1972) , Parcours d’un militant catholique. Cerf, 2003, 484 pages, 29 €
260 _c2004.
500 _a52
786 0 _nÉtudes | 400 | 2 | 2004-02-01 | p. XLII-XLII | 0014-1941
856 4 1 _uhttps://shs.cairn.info/revue-etudes-2004-2-page-XLII?lang=fr&redirect-ssocas=7080
999 _c1618158
_d1618158